[Event "Rilton Cup 50th"]
[Site "Stockholm"]
[Date "2023.01.05"]
[Round "9"]
[White "Shailesh, Dravid"]
[Black "Acikel, Mert"]
[Result "1-0"]
[WhiteElo "2286"]
[BlackElo "2234"]
[PlyCount "83"]
[EventDate "2022.12.27"]
[EventType "swiss"]
[EventRounds "9"]
[EventCountry "SWE"]
[SourceTitle "CBM 212 Extra"]
[Source "ChessBase"]
[SourceDate "2023.03.31"]
[SourceVersion "1"]
[SourceVersionDate "2023.03.31"]
[SourceQuality "1"]

1. e4 e5 2. Nf3 Nc6 3. Bc4 Bc5 4. c3 Nf6 5. d4 exd4 6. e5 d5 7. Bb5 Ne4 8. cxd4 Bb6 9. Be3 0-0 10. Nc3 Bg4 11. Qc2 Ba5 12. h3 Bh5 13. Be2 f6 14. exf6 Qxf6 15. Rd1 Rae8 16. 0-0 Bxc3 17. bxc3 Na5 18. Rb1 Bxf3 19. Bxf3 Qc6 20. Rbc1 Nc4 21. Rfe1 a5 22. Bh5 g6 23. Bf3 Kg7 24. h4 h6 25. Rcd1 Qf6 26. h5 g5 27. Bc1 Ncd6 28. Re2 Qf5 29. Rde1 g4 30. Bxe4 Rxe4 31. Rxe4 Nxe4 32. c4 c6 33. cxd5 cxd5 34. Be3 Rf7 35. Rb1 g3 36. fxg3 Qxh5 37. Bf4 Qg6 38. Qc8 Nf6 39. Rf1 Qd3 40. Be5 Qe3+ 41. Kh2 Qg5 42. Rf5 1-0

[Event "Rilton Cup 50th"]
[Site "Stockholm"]
[Date "2023.01.03"]
[Round "7"]
[White "Shailesh, Dravid"]
[Black "Joel Paul, Ganta"]
[Result "0-1"]
[WhiteElo "2286"]
[BlackElo "2183"]
[PlyCount "52"]
[EventDate "2022.12.27"]
[EventType "swiss"]
[EventRounds "9"]
[EventCountry "SWE"]
[SourceTitle "CBM 212 Extra"]
[Source "ChessBase"]
[SourceDate "2023.03.31"]
[SourceVersion "1"]
[SourceVersionDate "2023.03.31"]
[SourceQuality "1"]

1. e4 c5 2. Nf3 e6 3. d4 cxd4 4. Nxd4 Nf6 5. Nc3 Nc6 6. a3 d5 7. exd5 exd5 8. Bb5 Bd7 9. 0-0 Be7 10. Be3 0-0 11. Re1 a6 12. Be2 Ne5 13. Bf3 Nxf3+ 14. Qxf3 Bg4 15. Qg3 Qd7 16. Bg5 Rfe8 17. Rxe7 Qxe7 18. h3 Be6 19. Re1 Qd8 20. Nxd5 Nh5 21. Bxd8 Nxg3 22. Nxe6 Raxd8 23. Ndf4 Nf5 24. Nxd8 Rxe1+ 25. Kh2 Re7 26. g4 Nd6 0-1

[Event "Rilton Cup 50th"]
[Site "Stockholm"]
[Date "2022.12.29"]
[Round "3"]
[White "Shailesh, Dravid"]
[Black "Harshad, S."]
[Result "1-0"]
[WhiteElo "2286"]
[BlackElo "2202"]
[PlyCount "121"]
[EventDate "2022.12.27"]
[EventType "swiss"]
[EventRounds "9"]
[EventCountry "SWE"]
[SourceTitle "CBM 212 Extra"]
[Source "ChessBase"]
[SourceDate "2023.03.31"]
[SourceVersion "1"]
[SourceVersionDate "2023.03.31"]
[SourceQuality "1"]

1. e4 c5 2. Nf3 d6 3. d4 cxd4 4. Nxd4 Nf6 5. Nc3 a6 6. Be2 e5 7. Nb3 Be6 8. Be3 Nbd7 9. g4 h6 10. h4 Be7 11. Rg1 Nh7 12. Rh1 Nhf6 13. Rg1 Nh7 14. Qd2 Bxh4 15. Qxd6 Be7 16. Qd3 Ndf6 17. Nc5 Qxd3 18. cxd3 Ng5 19. N3a4 Nd7 20. Nxb7 Nh3 21. Rg3 Nf4 22. a3 Rc8 23. Rc1 0-0 24. Nbc5 Bh4 25. Rg1 Nxc5 26. Nxc5 a5 27. d4 Nxe2 28. Kxe2 exd4 29. Bxd4 Rcd8 30. Be3 Bf6 31. b4 Bb2 32. Rc2 Bxa3 33. Nxe6 fxe6 34. bxa5 Ra8 35. Ra1 Rxa5 36. Rca2 Rfa8 37. Bd2 Ra4 38. f3 g5 39. Bc1 Bxc1 40. Rxa4 Rxa4 41. Rxa4 Kf7 42. Kd3 Kf6 43. Ra5 Bb2 44. Rb5 Be5 45. Kc4 Bg3 46. Rc5 Bd6 47. Rc6 Ke5 48. Kd3 Ba3 49. Rc8 Kf6 50. Rh8 Kg7 51. Rb8 Kf6 52. Kd4 Bd6 53. Rb5 Bg3 54. e5+ Kg6 55. Rb2 h5 56. gxh5+ Kxh5 57. Ke4 Kg6 58. Rb7 Bh4 59. Re7 g4 60. Rxe6+ Kf7 61. Rh6 1-0

[Event "Sitges Sunway op 9th"]
[Site "Sitges"]
[Date "2022.12.20"]
[Round "8"]
[White "Sousa, Andre Ventura"]
[Black "Shailesh, Dravid"]
[Result "1-0"]
[WhiteElo "2466"]
[BlackElo "2286"]
[PlyCount "169"]
[EventDate "2022.12.12"]
[EventType "swiss"]
[EventRounds "10"]
[EventCountry "ESP"]
[SourceTitle "CBM 211 Extra"]
[Source "ChessBase"]
[SourceDate "2023.01.31"]
[SourceVersion "1"]
[SourceVersionDate "2023.01.31"]
[SourceQuality "1"]

1. d4 Nf6 2. Nf3 e6 3. c4 d5 4. Nc3 c5 5. cxd5 Nxd5 6. e4 Nxc3 7. bxc3 cxd4 8. cxd4 Bb4+ 9. Bd2 Bxd2+ 10. Qxd2 0-0 11. Bc4 Nd7 12. 0-0 b6 13. Rad1 Bb7 14. Rfe1 Rc8 15. Bb3 Nf6 16. Qf4 Qc7 17. Qh4 Rfd8 18. h3 h6 19. Re3 b5 20. Rde1 a5 21. a3 a4 22. Bd1 Qa5 23. d5 Rc1 24. Rd3 b4 25. axb4 Qxb4 26. Rd4 Rc4 27. Rxc4 Qxc4 28. e5 Qxh4 29. Nxh4 a3 30. exf6 Bxd5 31. Bf3 Bb3 32. Ra1 a2 33. g4 Rd2 34. Ng2 Rb2 35. Be4 Bd5 36. Bd3 Rd2 37. Bf1 Rb2 38. Bd3 e5 39. Ne3 e4 40. Bc2 Bc6 41. Kf1 Ba4 42. Bxe4 gxf6 43. Ke1 Kg7 44. Nd1 Bxd1 45. Rxd1 h5 46. gxh5 Kh6 47. Ra1 Kxh5 48. Kf1 Kg5 49. Kg2 Rd2 50. Bc6 f5 51. Be8 Kf6 52. Kf3 Rd3+ 53. Ke2 Ra3 54. Bb5 f4 55. Bc4 Rxh3 56. Rxa2 Rc3 57. Ra6+ Ke5 58. Bxf7 f3+ 59. Kd2 Rc7 60. Bh5 Rb7 61. Bxf3 Rb2+ 62. Ke1 Rb1+ 63. Bd1 Kf4 64. Rd6 Ra1 65. Ke2 Ra5 66. Rd4+ Ke5 67. Rb4 Ra2+ 68. Ke3 Ra3+ 69. Bb3 Kf5 70. Rb5+ Kf6 71. f4 Ra1 72. Rb6+ Ke7 73. Bd5 Re1+ 74. Kd4 Rd1+ 75. Ke5 Re1+ 76. Be4 Re2 77. Rb7+ Ke8 78. f5 Rh2 79. f6 Rh5+ 80. Ke6 Kd8 81. Rd7+ Kc8 82. Bb7+ Kb8 83. f7 Rh8 84. Ke7 Ka7 85. Rd8 1-0

[Event "Titled Tuesday intern op 13th Sep Early"]
[Site "Chess.com INT"]
[Date "2022.09.13"]
[Round "10"]
[White "Shailesh, Dravid"]
[Black "Mouhamad, Joachin"]
[Result "1-0"]
[WhiteElo "2286"]
[BlackElo "2264"]
[PlyCount "73"]
[EventDate "2022.09.13"]
[EventType "swiss (blitz)"]
[EventRounds "11"]
[EventCountry "USA"]
[SourceTitle "EXT 2023"]
[Source "ChessBase"]
[SourceDate "2022.10.05"]
[SourceVersion "1"]
[SourceVersionDate "2022.10.05"]
[SourceQuality "1"]

1. Nf3 d5 2. c4 d4 3. b4 f6 4. c5 e5 5. e3 dxe3 6. fxe3 Be6 7. Nc3 a5 8. Qa4+ Nd7 9. d4 exd4 10. Nxd4 Bf7 11. c6 Nb6 12. Qb5 bxc6 13. Nxc6 Qd7 14. bxa5 Nc8 15. Be2 Nh6 16. 0-0 Bd6 17. Qb7 0-0 18. Qxa8 Ng4 19. Bxg4 Qxg4 20. Nd4 Bc4 21. Rf2 Qh4 22. g3 Qh3 23. Qg2 Qd7 24. Bd2 Kh8 25. Rc1 Bg8 26. Ne4 Be5 27. Nc5 Qf7 28. Nc6 Bb2 29. Rc2 Qxa2 30. Be1 Qb1 31. Qf1 Ba3 32. Nd7 Re8 33. a6 Bd5 34. Nd4 Na7 35. Nf5 Qd1 36. Rcd2 Qb3 37. Nd4 1-0

[Event "Titled Tuesday intern op 14th Jun Early"]
[Site "Chess.com INT"]
[Date "2022.06.14"]
[Round "10"]
[White "Reprintsev, Alexander"]
[Black "Shailesh, Dravid"]
[Result "1-0"]
[WhiteElo "2353"]
[BlackElo "2286"]
[PlyCount "47"]
[EventDate "2022.06.14"]
[EventType "swiss (blitz)"]
[EventRounds "11"]
[EventCountry "USA"]
[SourceTitle "EXT 2023"]
[Source "ChessBase"]
[SourceDate "2022.10.05"]
[SourceVersion "1"]
[SourceVersionDate "2022.10.05"]
[SourceQuality "1"]

1. e4 c5 2. b3 g6 3. Bb2 Nf6 4. e5 Nd5 5. Nc3 Nc7 6. d4 cxd4 7. Qxd4 Nc6 8. Qe3 Bg7 9. Nf3 0-0 10. 0-0-0 Ne6 11. h4 a6 12. h5 b5 13. hxg6 fxg6 14. Ne4 Qa5 15. Kb1 b4 16. Bc4 Nxe5 17. Nxe5 Bxe5 18. Qh3 Rf7 19. Bxe6 dxe6 20. Ng5 h5 21. Nxf7 Kxf7 22. Bxe5 Qxe5 23. Qf3+ Kg7 24. Qxa8 1-0

[Event "Titled Tuesday intern op 14th Jun Early"]
[Site "Chess.com INT"]
[Date "2022.06.14"]
[Round "1"]
[White "Shailesh, Dravid"]
[Black "Pourkashiyan, Atousa"]
[Result "1-0"]
[WhiteElo "2286"]
[BlackElo "2322"]
[PlyCount "49"]
[EventDate "2022.06.14"]
[EventType "swiss (blitz)"]
[EventRounds "11"]
[EventCountry "USA"]
[SourceTitle "EXT 2023"]
[Source "ChessBase"]
[SourceDate "2022.10.05"]
[SourceVersion "1"]
[SourceVersionDate "2022.10.05"]
[SourceQuality "1"]

1. Nf3 d5 2. b3 Nf6 3. Bb2 Bg4 4. e3 e6 5. h3 c5 6. hxg4 Nxg4 7. Bb5+ Nc6 8. Bxc6+ bxc6 9. d3 Nf6 10. Nbd2 Be7 11. Qe2 a5 12. e4 a4 13. a3 Rb8 14. Ne5 axb3 15. Nxc6 Qb6 16. Nxb8 bxc2 17. Bxf6 Bxf6 18. e5 Bg5 19. Rc1 Qxb8 20. Rxc2 0-0 21. 0-0 Rc8 22. Rb1 Qa7 23. Nf3 Be7 24. Rcb2 Qxa3 25. Rb8 1-0

[Event "Titled Tuesday intern op 14th Jun Early"]
[Site "Chess.com INT"]
[Date "2022.06.14"]
[Round "4"]
[White "Sliwicki, Damian"]
[Black "Shailesh, Dravid"]
[Result "1-0"]
[WhiteElo "2168"]
[BlackElo "2286"]
[PlyCount "73"]
[EventDate "2022.06.14"]
[EventType "swiss (blitz)"]
[EventRounds "11"]
[EventCountry "USA"]
[SourceTitle "EXT 2023"]
[Source "ChessBase"]
[SourceDate "2022.10.05"]
[SourceVersion "1"]
[SourceVersionDate "2022.10.05"]
[SourceQuality "1"]

1. e4 e5 2. Nf3 Nc6 3. d4 exd4 4. Bc4 Bc5 5. 0-0 d6 6. b4 Bxb4 7. c3 dxc3 8. Qb3 Qe7 9. Bb5 Bc5 10. Nxc3 Bd7 11. Nd5 Qd8 12. Bg5 f6 13. Bh4 Nh6 14. Nf4 Nf7 15. Bc4 0-0 16. Rad1 Na5 17. Bxf7+ Rxf7 18. Qc3 Nc6 19. e5 dxe5 20. Ne6 Qe7 21. Nxc5 Be8 22. Nxb7 Rb8 23. Nc5 g5 24. Bg3 g4 25. Nh4 Nd4 26. Rfe1 Qd6 27. Nf5 Qc6 28. Nxd4 exd4 29. Qxd4 f5 30. Re6 Qb5 31. Rde1 Bc6 32. h4 gxh3 33. gxh3 Rg7 34. Re7 Rg6 35. Ne6 Qa5 36. Rg7+ Kh8 37. Rxg6+ 1-0

[Event "Titled Tuesday intern op 07th Jun Early"]
[Site "Chess.com INT"]
[Date "2022.06.07"]
[Round "6"]
[White "Makarian, Rudik"]
[Black "Shailesh, Dravid"]
[Result "1-0"]
[WhiteElo "2534"]
[BlackElo "2286"]
[PlyCount "45"]
[EventDate "2022.06.07"]
[EventType "swiss (blitz)"]
[EventRounds "11"]
[EventCountry "USA"]
[SourceTitle "CBM 208 Extra"]
[Source "ChessBase"]
[SourceDate "2022.07.31"]
[SourceVersion "1"]
[SourceVersionDate "2022.07.31"]
[SourceQuality "1"]

1. d3 c5 2. g3 Nc6 3. Bg2 g6 4. f4 Bg7 5. Nf3 d6 6. 0-0 e5 7. e4 Nge7 8. Nc3 0-0 9. Kh1 h6 10. f5 gxf5 11. Nh4 Nd4 12. Qh5 fxe4 13. Bxh6 exd3 14. Ne4 f5 15. Bxg7 Kxg7 16. Ng5 Qe8 17. Qh7+ Kf6 18. Qh6+ Ng6 19. Nxg6 Qxg6 20. Ne4+ Kf7 21. Nxd6+ Kf6 22. Qxf8+ Ke6 23. Nxc8 1-0

[Event "Titled Tuesday intern op 07th Jun Early"]
[Site "Chess.com INT"]
[Date "2022.06.07"]
[Round "11"]
[White "Shailesh, Dravid"]
[Black "D'Arruda, Ricardo D"]
[Result "1-0"]
[WhiteElo "2286"]
[BlackElo "2271"]
[PlyCount "91"]
[EventDate "2022.06.07"]
[EventType "swiss (blitz)"]
[EventRounds "11"]
[EventCountry "USA"]
[SourceTitle "CBM 208 Extra"]
[Source "ChessBase"]
[SourceDate "2022.07.31"]
[SourceVersion "1"]
[SourceVersionDate "2022.07.31"]
[SourceQuality "1"]

1. e4 c5 2. b3 e6 3. Bb2 Nc6 4. f4 d5 5. Nc3 Nf6 6. d3 Be7 7. Nf3 0-0 8. g3 b6 9. Bg2 Bb7 10. 0-0 dxe4 11. dxe4 Qxd1 12. Raxd1 Rfd8 13. e5 Ng4 14. Bc1 Nb4 15. h3 Nh6 16. Rxd8+ Rxd8 17. Rf2 Nf5 18. Kh2 Rd7 19. a3 Nd5 20. Nxd5 Bxd5 21. Rd2 Bc6 22. Rxd7 Bxd7 23. g4 Nd4 24. Nxd4 cxd4 25. Bb2 Bc8 26. b4 a5 27. Bxd4 axb4 28. axb4 Bxb4 29. Bxb6 Kf8 30. Be4 g6 31. Kg3 Ke8 32. c4 Kd7 33. c5 Ba6 34. Kh4 Bd2 35. Kg5 h6+ 36. Kf6 Ke8 37. f5 gxf5 38. gxf5 Bg5+ 39. Kg7 exf5 40. Bxf5 Be3 41. h4 Ke7 42. h5 Bf4 43. Bc7 Bb5 44. Bd6+ Ke8 45. Be4 Bg5 46. Bd5 1-0

[Event "Titled Tuesday intern op 07th Jun Early"]
[Site "Chess.com INT"]
[Date "2022.06.07"]
[Round "9"]
[White "Shailesh, Dravid"]
[Black "Djabri, Massinas"]
[Result "1-0"]
[WhiteElo "2286"]
[BlackElo "2206"]
[PlyCount "57"]
[EventDate "2022.06.07"]
[EventType "swiss (blitz)"]
[EventRounds "11"]
[EventCountry "USA"]
[SourceTitle "CBM 208 Extra"]
[Source "ChessBase"]
[SourceDate "2022.07.31"]
[SourceVersion "1"]
[SourceVersionDate "2022.07.31"]
[SourceQuality "1"]

1. c4 e6 2. Nf3 d5 3. d4 Nf6 4. Nc3 Be7 5. e3 0-0 6. Bd3 a6 7. b3 dxc4 8. bxc4 b6 9. 0-0 Bb7 10. Bb2 Nbd7 11. Qe2 c5 12. Rad1 cxd4 13. exd4 Rc8 14. Ne5 Qc7 15. f4 Rfd8 16. Rde1 Nxe5 17. fxe5 Nd7 18. Rxf7 Nf8 19. Rf4 Bg5 20. Rg4 Bh6 21. Ne4 Bxe4 22. Qxe4 b5 23. cxb5 axb5 24. Ba3 Qc3 25. Bxf8 Kxf8 26. Rf1+ Ke8 27. Bxb5+ Ke7 28. Rxg7+ Bxg7 29. Qh4+ 1-0

[Event "Titled Tuesday intern op 31st May Early"]
[Site "Chess.com INT"]
[Date "2022.05.31"]
[Round "1"]
[White "Shailesh, Dravid"]
[Black "Moskvin, Anatoly"]
[Result "1-0"]
[WhiteElo "2286"]
[BlackElo "2170"]
[PlyCount "85"]
[EventDate "2022.05.31"]
[EventType "swiss (blitz)"]
[EventRounds "11"]
[EventCountry "USA"]
[SourceTitle "CBM 208 Extra"]
[Source "ChessBase"]
[SourceDate "2022.07.31"]
[SourceVersion "1"]
[SourceVersionDate "2022.07.31"]
[SourceQuality "1"]

1. e4 e5 2. Nf3 Nc6 3. Bb5 Nge7 4. 0-0 a6 5. Ba4 d6 6. c3 Bd7 7. d4 Ng6 8. Re1 Be7 9. Nbd2 h6 10. Bc2 Bg5 11. Nc4 Bxc1 12. Rxc1 0-0 13. h3 a5 14. Qd2 a4 15. Ne3 Nf4 16. Nd5 Ne6 17. Rcd1 f6 18. Ne3 Nf4 19. Nd5 Ne6 20. Kh2 Ne7 21. Nh4 Be8 22. Nxe7+ Qxe7 23. Nf5 Qf7 24. Bd3 Nf4 25. Bf1 Qxa2 26. g3 Ng6 27. h4 Qf7 28. Ne3 Kh8 29. Bc4 Qd7 30. Nf5 Ne7 31. Ne3 Bh5 32. Rc1 b5 33. Bf1 Rfd8 34. Bh3 Qe8 35. Rg1 Bf7 36. Rce1 c5 37. d5 Rdb8 38. g4 g5 39. Nf5 Qd7 40. Nxh6 Kg7 41. hxg5 Bg6 42. gxf6+ Kxf6 43. g5+ 1-0

[Event "Titled Tuesday intern op 03rd Aug"]
[Site "Chess.com INT"]
[Date "2021.08.03"]
[Round "6"]
[White "Shapiro, Daniel E"]
[Black "Shailesh, Dravid"]
[Result "0-1"]
[WhiteElo "2284"]
[BlackElo "2286"]
[PlyCount "106"]
[EventDate "2021.08.03"]
[EventType "swiss (blitz)"]
[EventRounds "11"]
[EventCountry "USA"]
[SourceTitle "CBM 203 Extra"]
[Source "ChessBase"]
[SourceDate "2021.09.30"]
[SourceVersion "1"]
[SourceVersionDate "2021.09.30"]
[SourceQuality "1"]

1. d4 Nf6 2. c4 e6 3. g3 Bb4+ 4. Nd2 0-0 5. Bg2 d5 6. Qc2 Nbd7 7. Ngf3 c6 8. 0-0 b6 9. Rd1 Bb7 10. b3 Rc8 11. e4 dxe4 12. Ng5 e3 13. fxe3 h6 14. Nh3 Ng4 15. Nf1 Qf6 16. Qe4 h5 17. Bb2 Ba8 18. Rab1 Qe7 19. Nf4 Ndf6 20. Qc2 e5 21. Nd3 exd4 22. exd4 Rfe8 23. Nxb4 Qxb4 24. h3 Ne3 25. Nxe3 Rxe3 26. Qf2 Rce8 27. Bf3 h4 28. gxh4 Qd6 29. Re1 Rxe1+ 30. Rxe1 Rxe1+ 31. Qxe1 Bb7 32. Qe5 Qd7 33. Kh2 Bc8 34. Bg2 Qf5 35. Qxf5 Bxf5 36. Bxc6 Bb1 37. a3 Ba2 38. Ba4 Ne4 39. d5 Nc5 40. Bb5 Bxb3 41. Kg3 a6 42. Bc6 Bxc4 43. Bd4 Ne4+ 44. Kf4 Nd6 45. Ke5 Nb5 46. Bxb6 Kf8 47. d6 Nxd6 48. Kxd6 Bf1 49. Kc7 Bxh3 50. Bb7 Bf1 51. Bc5+ Kg8 52. Kb6 Kh7 53. Bxa6 Bh3 0-1

[Event "Titled Tuesday intern op 5th May"]
[Site "Chess.com INT"]
[Date "2020.05.05"]
[Round "5"]
[White "Shailesh, Dravid"]
[Black "Wang, Kevin"]
[Result "0-1"]
[WhiteElo "2286"]
[BlackElo "2071"]
[PlyCount "86"]
[EventDate "2020.05.05"]
[EventType "swiss (blitz)"]
[EventRounds "10"]
[EventCountry "USA"]
[SourceTitle "EXT 2021"]
[Source "ChessBase"]
[SourceDate "2020.10.23"]
[SourceVersion "1"]
[SourceVersionDate "2020.10.23"]
[SourceQuality "1"]

1. e4 c5 2. Nf3 d6 3. d4 cxd4 4. Nxd4 Nf6 5. Nc3 a6 6. Bg5 Nbd7 7. Bc4 e6 8. Qd2 Qa5 9. a3 h6 10. Bxf6 Nxf6 11. 0-0-0 Be7 12. f4 Qc7 13. Ba2 0-0 14. Rhe1 b5 15. e5 dxe5 16. fxe5 Nh7 17. Kb1 Bb7 18. Bxe6 fxe6 19. Nxe6 Qc6 20. Nxf8 Rxf8 21. Qd7 Bc5 22. Qg4 Bc8 23. e6 Nf6 24. Qf5 Re8 25. Qg6 Bxe6 26. Ne4 Nxe4 27. Rxe4 Ba2+ 28. Kxa2 Qxe4 29. Qxa6 Qc4+ 30. Kb1 Kh7 31. Qc6 Re2 32. Rc1 Be3 33. Qxc4 bxc4 34. Rd1 Rxg2 35. a4 Rxh2 36. a5 Rf2 37. Rd5 Rf7 38. b4 g5 39. b5 g4 40. b6 g3 41. a6 Bxb6 42. Rd2 Bf2 43. Kb2 g2 0-1

[Event "Rochefort op-A 19th"]
[Site "Rochefort"]
[Date "2020.02.22"]
[Round "5"]
[White "Shailesh, Dravid"]
[Black "Nair, Sanjeev"]
[Result "1-0"]
[WhiteElo "2269"]
[BlackElo "2172"]
[PlyCount "59"]
[EventDate "2020.02.22"]
[EventType "swiss"]
[EventRounds "9"]
[EventCountry "FRA"]
[SourceTitle "CBM 195 Extra"]
[Source "ChessBase"]
[SourceDate "2020.05.31"]
[SourceVersion "1"]
[SourceVersionDate "2020.05.31"]
[SourceQuality "1"]

1. d4 Nf6 2. Nf3 g6 3. Nc3 Bg7 4. e4 d6 5. Be2 0-0 6. h3 a6 7. a4 Nc6 8. d5 Nb4 9. a5 e6 10. 0-0 exd5 11. exd5 c6 12. dxc6 Nxc6 13. Bg5 h6 14. Bh4 g5 15. Bg3 d5 16. h4 Ne4 17. hxg5 Nxc3 18. bxc3 hxg5 19. Qd2 Bf6 20. Bd3 Kg7 21. Rae1 Be6 22. Ne5 Rc8 23. f4 d4 24. Nxc6 Rxc6 25. fxg5 Bxg5 26. Be5+ Kg8 27. Qd1 Bh6 28. Rf6 Bc8 29. Qf3 Bg7 30. Qh5 1-0

[Event "Noisiel op 5th"]
[Site "Noisiel"]
[Date "2020.02.18"]
[Round "5"]
[White "Solodovnichenko, Yuri"]
[Black "Shailesh, Dravid"]
[Result "1-0"]
[WhiteElo "2567"]
[BlackElo "2269"]
[PlyCount "95"]
[EventDate "2020.02.15"]
[EventType "swiss"]
[EventRounds "9"]
[EventCountry "FRA"]
[SourceTitle "CBM 195 Extra"]
[Source "ChessBase"]
[SourceDate "2020.05.31"]
[SourceVersion "1"]
[SourceVersionDate "2020.05.31"]
[SourceQuality "1"]

1. e4 c5 2. Nc3 Nc6 3. Nge2 d6 4. d4 cxd4 5. Nxd4 Nf6 6. Bg5 e6 7. Qd2 a6 8. 0-0-0 Bd7 9. f3 Be7 10. Be3 h5 11. Kb1 Qc7 12. Nxc6 Bxc6 13. Ne2 b5 14. Nd4 Bd7 15. Bd3 g6 16. f4 Ng4 17. Bg1 Rb8 18. h3 Nf6 19. Bh2 b4 20. Rhe1 h4 21. Nf3 Rh5 22. f5 e5 23. fxg6 fxg6 24. Qf2 g5 25. Bg1 a5 26. Qd2 g4 27. hxg4 Nxg4 28. Qe2 Be6 29. Rf1 Nf6 30. Bf2 h3 31. Rh1 hxg2 32. Rxh5 Nxh5 33. Ng5 Bxg5 34. Qxh5+ Qf7 35. Qxg5 Qxf2 36. Qg7 Rb7 37. Qg6+ Kd7 38. Bc4 Bxc4 39. Qxd6+ Ke8 40. Qc6+ Kf8 41. Qxc4 g1Q 42. Qc8+ Kg7 43. Qxb7+ Kg6 44. Qd7 Qgh2 45. Qg4+ Kf7 46. Rd7+ Ke8 47. Qe6+ Kf8 48. Qe7+ 1-0